Rola znormalizowanych systemów zarządzania w zrównoważonym rozwoju

Uložené v:
Podrobná bibliografia
Ďalší autori: Łańcucki, Jerzy
Médium: Kniha
Jazyk:Polish
English
Vydavateľské údaje: Poznań Wydawnictwo Uniwersytetu Ekonomicznego w Poznaniu 2011
Edícia:Zeszyty naukowe 166
Predmet:
Tagy: Pridať tag
Žiadne tagy, Buďte prvý, kto otaguje tento záznam!

MARC

LEADER 00000nam a2200000 4500
001 0134793
005 20240109073613.9
020 |a 978-83-7417-578-4 
022 |a 1689-7374 
041 0 |a pol 
041 0 |a eng 
044 |a PL 
245 1 0 |a Rola znormalizowanych systemów zarządzania w zrównoważonym rozwoju  |c redaktor naukowy Jerzy Łańcucki 
264 1 |a Poznań  |b Wydawnictwo Uniwersytetu Ekonomicznego w Poznaniu  |c 2011 
300 |a 205 s. 
490 1 |a Zeszyty naukowe  |v 166 
830 0 |a Zeszyty naukowe  |v 166 
610 2 0 |a riadenie 
610 2 0 |a rozvoj hospodársky 
610 2 0 |a rozvoj podniku 
700 1 |a Łańcucki, Jerzy